000 00508nam a2200133Ia 4500
008 191108s9999 xx 000 0 und d
020 _a9.78047118e+012
100 _aEricksen, Gregory K.
245 _cGregory Ericksen & Ernst, Young.--
_aWhat's luck got to do with it?:
_b12 entrepreneurs reveal the secrets behind their success /
260 _aNew York:
_bJohn Wiley & Sons, Inc.
_c1997
300 _axv, 231 pages :
650 _aBusinesspeople--United States
650 _aEntrepreneurship--United States
999 _c362527
_d362527